000 00878 a2200445 4500
000 BKB
001 069783
005 20200902150346.0
008
010 _a
020 _a
082 _a658.81
_bI4S
100 1 _aIngram,Thomas N.
110 _a
245 1 _aSales management
_cby Thomas N. Ingram...[et.al.]
250 _a6th ed.
260 _aAustralia
_bCengage Learning
_c2011
300 _a436p.
490 _a
_v
500 _a
600 _a
610 _a
611 _a
630 _a
650 _a
651 _a
654 _a
690 _aSales management
700 _aLaforge, Raymond W.
_b
_c
710 _a
_b
_c
711 _a
720 _a
730 _a
740 _a
752 _a
856 _a
_d
_f
904 _a
964 _a
_b
_c
_d
_e
_f
_g
965 _a
999 _c3322
_d3322